Porušenie predpokladov parametrických metód - možnosti využitia metódy Bootstrap

Možnosť využitia metódy bootstrap v prípade porušených predpokladov parametrických metód a prezentácia na konkrétnom príklade rozdiel v konfidenčných intervaloch strednej hodnoty pri využití parametrickej aj neparametrickej metódy. Využitie parametrickej metódy, aj napriek porušeným predpokladom tej...

Descrizione completa

Salvato in:
Dettagli Bibliografici
Autore principale: Dluhoš, Martin, 1991-
Natura: Capitolo di libro
Lingua:slovacco
Soggetti:
Tags: Aggiungi Tag
Nessun Tag, puoi essere il primo ad aggiungerne!!

MARC

LEADER 00000nla a2200000 4500
001 0226770
005 20240502073733.8
041 0 |a slo 
044 |a SK 
245 1 0 |a Porušenie predpokladov parametrických metód - možnosti využitia metódy Bootstrap  |c Martin Dluhoš 
520 |a Možnosť využitia metódy bootstrap v prípade porušených predpokladov parametrických metód a prezentácia na konkrétnom príklade rozdiel v konfidenčných intervaloch strednej hodnoty pri využití parametrickej aj neparametrickej metódy. Využitie parametrickej metódy, aj napriek porušeným predpokladom tejto metódy, môže viesť k nesprávnym rozhodnutiam pri testovaní štatistických hypotéz. 
610 2 0 |a metódy štatistické 
610 2 0 |a modely štatistické 
610 2 0 |a informácie štatistické 
100 1 |a Dluhoš, Martin, 1991-